Statistics for Philadelphia 76ers 1 round draft picks since 2000

Click here to take the quiz!

General Stats

  • This quiz has been taken 102 times
  • The average score is 6 of 20

Answer Stats

Year Pick Player % Correct
20161Simmons
96%
20143Embiid
91%
20153Okafor
78%
201311Carter WIlliams
57%
20102Turner
47%
201626Korkmaz
42%
20049Iguodala
42%
200917Holiday
39%
201410Payton
33%
200712Young
32%
201624Luwawu
31%
201116Vucevic
17%
201215Harkless
12%
200126Dalembert
8%
200816Speights
5%
200020Claxton
5%
200613Sefolosha
4%
200216Welsch
3%
200721Cook
2%
200730Koponen
2%

Score Distribution

Percentile by Number Answered

Percent of People with Each Score

Your Score History

You have not taken this quiz